| 000 | 00460nam a2200181Ia 4500 | ||
|---|---|---|---|
| 008 | 230524s9999 xx 000 0 und d | ||
| 020 | _a9789384588618 | ||
| 082 |
_a624.15 _bKHI |
||
| 100 |
_aR.K.Khitoliya _942905 |
||
| 245 | 0 | _aFoundation Engineering | |
| 250 | _a1 | ||
| 260 |
_aNew Delhi _b Ik International _c2015 |
||
| 300 | _a"XIV,586p;" | ||
| 500 | _aQuantity Number: 1 | ||
| 650 | _aCivil | ||
| 700 |
_aPardeep Kumar Gupta _942906 |
||
| 942 | _cBK | ||
| 999 |
_c57873 _d57873 |
||